MARC

LEADER 00000nam0a2200000 4500
001 34872
005 20231030231634.0
035 |a (RuTPU)RU\TPU\book\35283 
035 |a BOOK00001935 
090 |a 34872 
100 |a 20011210d1983 km y0rusy50 ca 
101 0 |a rus 
102 |a RU 
105 |a y o 000zy 
200 1 |a Таблицы математической статистики  |f Л. Н. Большев, Н. В. Смирнов 
205 |a 3-е изд. 
210 |a Москва  |c Наука  |d 1983 
215 |a 415 с. 
610 1 |a математическая статистика 
610 1 |a таблицы 
610 1 |a распределения 
610 1 |a теоремы 
610 1 |a формулы 
610 1 |a библиотека А. Г. Стромберга 
675 |a 519.22(083)  |v 3 
675 |a 519.66(083)  |v 3 
700 1 |a Большев  |b Л. Н.  |g Логин Николаевич 
701 1 |a Смирнов  |b Н. В.  |g Николай Васильевич 
801 0 |a RU  |b 63413507  |c 20011210  |g PSBO 
801 2 |a RU  |b 63413507  |c 20171004  |g PSBO 
900 |a Прикладная математическая статистика 
942 |c BK